| 000 | 01937nam0a22004331 4500 | ||
|---|---|---|---|
| 001 | v19\rc\1382167 | ||
| 005 | 20251119230624.0 | ||
| 035 | _a(NLR Aleph) 005206101 | ||
| 090 |
_a5359813 _c5359813 |
||
| 100 | _a20060512d1870 |||y0rusy50 ca | ||
| 101 | 0 | _arus | |
| 102 | _aRU | ||
| 105 | _ay z |||h| | ||
| 135 | _acrcn 024anaba | ||
| 200 | 1 | _aСвобода речи, терпимость и наши законы о печати | |
| 205 | _a2-е изд. | ||
| 210 |
_aСанкт-Петербург _cтип. Н. Неклюдова _d1870 |
||
| 215 |
_aXII, 197 с. _d21 |
||
| 300 | _aАвт. в кн. не указан; установлен по изд.: Русские писатели: Биогр. слов. М., 1989. Т. 1. С. 241 | ||
| 325 | _aКопия доступна в Электрон. б-ке РНБ | ||
| 700 | 1 |
_aБерви _bВ. В. _f1829-1918 _gВасилий Васильевич _3RU\NLR\AUTH\778668 _7ca |
|
| 790 | 1 |
_aФлеровский _bВ. В. _f1829-1918 _gВасилий Васильевич |
|
| 801 | 0 |
_aRU _bNLR _c20060512 _gpsbo |
|
| 801 | 0 |
_aRU _bRuMoRGB _c20060512 _2psbo |
|
| 801 | 1 |
_aRU _bProSoft-M _c20060512 _2rusmarc |
|
| 801 | 2 |
_aRU _bNLR _c20070807 _2rusmarc |
|
| 852 |
_aNLR _j18.58.4.25 |
||
| 852 |
_aNLR _j129/3782 |
||
| 856 | 0 | _uhttps://vivaldi.nlr.ru/bx000076269/view | |
| 856 | 1 | _uhttps://vivaldi.nlr.ru/bx000076269/cover | |
| 856 | 2 | _uhttps://vivaldi.nlr.ru/bx000076269/text | |
| 901 | _eКнижные издания | ||
| 942 | _cBOOK | ||
| 980 | _aNB | ||
| 980 | _ahounb | ||
| 981 | 2 | 2 |
_a(22) Материалы по истории России _b(22) Культура. Наука. Просвещение. |
| 981 | 2 | 2 |
_a(22) Материалы по истории России _b(22) История России до 25 октября (7 ноября) 1917 года |